000 01401nam a2200349 a 4500
001 ebr10674765
003 CaPaEBR
006 m o u
007 cr cn|||||||||
008 150303s2013 gw a sbi 001 0 eng d
020 _z9783527304462
020 _z9783527670628 (ePDF)
020 _z9783527670611 (ePub)
020 _z9783527670604 (mobi)
040 _aCaPaEBR
_cCaPaEBR
035 _a(OCoLC)847729042
050 1 4 _aTP145
_b.J477 2013eb
082 0 4 _a660
_223
100 1 _aJess, Andrea.
245 1 0 _aChemical technology
_h[electronic resource] :
_ban integral textbook /
_cAndrea Jess and Peter Wasserscheid.
260 _aWeinheim, Germany :
_bWiley-VCH,
_cc2013.
300 _a1 online resource (xxxvii, 850 p.) :
_bill.
504 _aIncludes bibliographical references and index.
533 _aElectronic reproduction.
_bPalo Alto, Calif. :
_cebrary,
_d2015.
_nAvailable via World Wide Web.
_nAccess may be limited to ebrary affiliated libraries.
588 _aDescription based on online resource; title from title page (ebrary, viewed April 13, 2013).
650 0 _aChemistry, Technical.
650 0 _aChemical engineering.
655 7 _aElectronic books.
_2local
700 1 _aWasserscheid, Peter.
710 2 _aebrary, Inc.
856 4 0 _uhttp://site.ebrary.com/lib/rucke/Doc?id=10674765
_zAn electronic book accessible through the World Wide Web; click to view
999 _c57229
_d57229